<?xml version="1.0" encoding="UTF-8"?><?xml-stylesheet type="text/xsl" href="static/style.xsl"?><OAI-PMH xmlns="http://www.openarchives.org/OAI/2.0/" xmlns:xsi="http://www.w3.org/2001/XMLSchema-instance" xsi:schemaLocation="http://www.openarchives.org/OAI/2.0/ http://www.openarchives.org/OAI/2.0/OAI-PMH.xsd"><responseDate>2026-04-17T20:07:10Z</responseDate><request verb="GetRecord" identifier="oai:www.recercat.cat:10256/19605" metadataPrefix="marc">https://recercat.cat/oai/request</request><GetRecord><record><header><identifier>oai:recercat.cat:10256/19605</identifier><datestamp>2024-06-13T09:38:39Z</datestamp><setSpec>com_2072_452955</setSpec><setSpec>com_2072_2054</setSpec><setSpec>col_2072_453035</setSpec><setSpec>col_2072_453082</setSpec></header><metadata><record xmlns="http://www.loc.gov/MARC21/slim" xmlns:dcterms="http://purl.org/dc/terms/" xmlns:xsi="http://www.w3.org/2001/XMLSchema-instance" xmlns:doc="http://www.lyncode.com/xoai" xsi:schemaLocation="http://www.loc.gov/MARC21/slim http://www.loc.gov/standards/marcxml/schema/MARC21slim.xsd">
   <leader>00925njm 22002777a 4500</leader>
   <datafield ind2=" " ind1=" " tag="042">
      <subfield code="a">dc</subfield>
   </datafield>
   <datafield ind2=" " ind1=" " tag="720">
      <subfield code="a">Hassan, Mohamed Abdalla Elsayed</subfield>
      <subfield code="e">author</subfield>
   </datafield>
   <datafield ind2=" " ind1=" " tag="720">
      <subfield code="a">Zerva, Konstantina</subfield>
      <subfield code="e">author</subfield>
   </datafield>
   <datafield ind2=" " ind1=" " tag="720">
      <subfield code="a">Aulet Serrallonga, Sílvia</subfield>
      <subfield code="e">author</subfield>
   </datafield>
   <datafield ind2=" " ind1=" " tag="260">
      <subfield code="c">2021-05-29</subfield>
   </datafield>
   <datafield ind2=" " ind1=" " tag="520">
      <subfield code="a">UNESCO World Heritage Sites (WHSs) must necessarily display Outstanding Universal Values (OUVs), as these play a vital role in constructing competitive brand personality (BP) in tourism marketing. However, how these WHS qualities are perceived by visitors still needs substantial investigation. Adopting a visitor-driven approach, this study seeks to explore the intangible attributes of WHSs and, for the first time, uses the BP concept to measure these attributes in cultural attractions. To investigate how visitors perceive WHS personality traits, 5579 visitor-generated reviews of 175 French (39), German (44), Italian (50), and Spanish (42) cultural WHSs on TripAdvisor were analysed using empirical, mixed methods. Results show that four personality dimension categories can be attributed to WHSs: Sophistication, Sincerity, Competence, and Excitement. Moreover, a novel BP lexical technique is presented along with a 222-item personality trait dictionary, which can be used to measure personality traits in cultural attractions. Theoretical and practical implications of the study are also discussed</subfield>
   </datafield>
   <datafield ind2=" " ind1=" " tag="520">
      <subfield code="a">The Open Access of this article was partially financed by the Laboratori Multidisciplinar de Recerca en Turisme (LMRT), consolidated research group 2017SGR 987 (2017–2021), from the Generalitat de Catalunya, AGAUR</subfield>
   </datafield>
   <datafield ind1="8" ind2=" " tag="024">
      <subfield code="a">http://hdl.handle.net/10256/19605</subfield>
   </datafield>
   <datafield tag="653" ind2=" " ind1=" ">
      <subfield code="a">Construcció de marca (Màrqueting)</subfield>
   </datafield>
   <datafield tag="653" ind2=" " ind1=" ">
      <subfield code="a">Branding (Marketing)</subfield>
   </datafield>
   <datafield tag="653" ind2=" " ind1=" ">
      <subfield code="a">Patrimoni de la humanitat</subfield>
   </datafield>
   <datafield tag="653" ind2=" " ind1=" ">
      <subfield code="a">World Heritage areas</subfield>
   </datafield>
   <datafield ind2="0" ind1="0" tag="245">
      <subfield code="a">Brand Personality Traits of World Heritage Sites: Text Mining Approach</subfield>
   </datafield>
</record></metadata></record></GetRecord></OAI-PMH>